• 首页
  • 本馆介绍
  • 公告通知
  • 最新文献
  • 馆藏检索
  • 电子资源
  • 读者导购
  • 参考咨询
  • 我的图书馆
  • 登录
  • 详细信息显示
  • 放入我的书架
  • 预约/预借图书
  • 作者相关作品
  • 分类相关作品
  • 丛书相关作品
  • 出版社相关作品

书目信息

  • 表格格式
  • 工作单格式
  • 卡片格式
题名:
鸟哥的Linux私房菜
    
 
作者: 鸟哥 著
分册:   服务器架设篇
出版信息: 北京   清华大学出版社  2024
页数: 17,728页
开本: 26cm
丛书名:
单 册:
中图分类: TP316.85 , TP368.5
科图分类:
主题词: Linux操作系统--基本知识 , 网络服务器--基本知识
电子资源:
ISBN: 978-7-302-64922-9
000 01064nam0 2200265 450
001 012024000362
005 20240924225236.0
010    @a978-7-302-64922-9@dCNY168.00
100    @a20240924d2024 em y0chiy50 ea
101 0  @achi
102    @aCN@b110000
105    @ay z 000yy
106    @ar
200 1  @a鸟哥的Linux私房菜@Aniao ge de Linux si fang cai@i服务器架设篇@f鸟哥著
205    @a第3版@b修订版
210    @a北京@c清华大学出版社@d2024
215    @a17,728页@d26cm
330    @a本书共分为四篇:第一篇主要介绍架设服务器之前必须具备的基本知识;第二篇将告诉你如何保护你的主机,以及如何养成良好的操作习惯;第三篇介绍内部网络经常使用的远程连接服务(SSH、XDMCP、VNC、XRDP)、网络参数设置服务(DHCP、NFS、NTP),网络磁盘服务(SAMBA、iSCSI)以及代理服务器等;第四篇介绍DNS、WWW、FTP和邮件服务区等常见的服务。
606 0  @aLinux操作系统@x基本知识
606 0  @a网络服务器@x基本知识
690    @aTP316.85@v5
690    @aTP368.5@v5
701  0 @a鸟哥@Aniao ge@4著
801  0 @aCN@bAHXH@c20240924
905    @b214143666@b214143675@b214143684@dTP316.85@e1092@f3
    
    鸟哥的Linux私房菜.服务器架设篇/鸟哥著.-第3版,修订版.-北京:清华大学出版社,2024
    17,728页;26cm
    
    
    ISBN 978-7-302-64922-9:CNY168.00
    本书共分为四篇:第一篇主要介绍架设服务器之前必须具备的基本知识;第二篇将告诉你如何保护你的主机,以及如何养成良好的操作习惯;第三篇介绍内部网络经常使用的远程连接服务(SSH、XDMCP、VNC、XRDP)、网络参数设置服务(DHCP、NFS、NTP),网络磁盘服务(SAMBA、iSCSI)以及代理服务器等;第四篇介绍DNS、WWW、FTP和邮件服务区等常见的服务。
●
相关链接 在E读中查询图书 在五车中查询图书 在当当中查询图书 在豆瓣中查询图书


正题名:鸟哥的Linux私房菜     索取号:TP316.85/1092         预约/预借

序号 登录号 条形码 馆藏地/架位号 状态 备注
1 1414366   214143666   第二样本阅览室/ [索取号:TP316.85/1092] 在馆    
2 1414367   214143675   第三借阅区/ [索取号:TP316.85/1092] 在馆    
3 1414368   214143684   第三借阅区/ [索取号:TP316.85/1092] 在馆    
唐山师范学院图书馆 欢迎您!
大连网信软件有限公司© 版权所有